000 00800nam a2200205 a 4500
005 20240506113007.0
008 100708t2005||||sp a g |||| 00| 0 spa d
020 _a950964713
041 _aspa
092 _c610.03
_l3
_sANT
100 1 _aAntón, Sebastián
_93751
245 _aDiccionario Historia de la Medicina.
_bFasc.4 Kr-P /
_cSebastián Antón
250 _a1a ed.
_bTraducción Gerardo E. Laube
260 _aBuenos Aires:
_bEditorial Anejo Producciones ; The Parthenon Publishing Group;
_c2005.
300 _a469-626 p.
_c30x22 cm.
500 _aAntón, S. (2005). Diccionario Historia de la medicina. Fasc.4 KR-P. (1a ed.). Buenos Aires : Editorial Anejo Producciones ; The Parthenon Publishing Group.
653 _aDiccionario
653 _aHistoria de la Medicina
942 _2ddc
_cBK
999 _c2165
_d2165